| 000 -LEADER |
| fixed length control field |
00804nam a22001697a 4500 |
| 003 - CONTROL NUMBER IDENTIFIER |
| control field |
LRUA |
| 005 - DATE AND TIME OF LATEST TRANSACTION |
| control field |
20220614145146.0 |
| 008 - FIXED-LENGTH DATA ELEMENTS--GENERAL INFORMATION |
| fixed length control field |
220614b xxu||||| |||| 00| 0 eng d |
| 040 ## - CATALOGING SOURCE |
| Transcribing agency |
RUA |
| 082 ## - DEWEY DECIMAL CLASSIFICATION NUMBER |
| Classification number |
AGR SAK 2017 B433 Or.1 |
| 100 ## - MAIN ENTRY--PERSONAL NAME |
| Personal name |
SAK YOUSEANG,សាក់ យូស៊ាង |
| 245 ## - TITLE STATEMENT |
| Title |
effect of green house on cucumber hot season condition in saang district, kandal province,ឥទិ្ធពលគម្របផ្ទះសំណាញលើដំណាំត្រសក់ លក្ខខណ្ឌរដូវប្រាំង ស្រុកស្អាង ខេត្តកណ្តាល |
| 260 ## - PUBLICATION, DISTRIBUTION, ETC. (IMPRINT) |
| Place of publication, distribution, etc. |
RUA |
| Name of publisher, distributor, etc. |
phnom penh |
| Date of publication, distribution, etc. |
2017 |
| 300 ## - PHYSICAL DESCRIPTION |
| Extent |
xiii;33p; |
| Other physical details |
ill; |
| Dimensions |
29cm; |
| 856 ## - ELECTRONIC LOCATION AND ACCESS |
| Uniform Resource Identifier |
https://drive.google.com/file/d/1ooo_TzOUn26WkkAnvwJflRRJ6fw5E4eZ/view?usp=sharing |
| 942 ## - ADDED ENTRY ELEMENTS (KOHA) |
| Koha item type |
AGR |
| Source of classification or shelving scheme |
|